000 01205 a2200217 4500
003 Nust
005 20221020192806.0
010 _a 79004664
020 _a0023857501
040 _cNust
082 0 0 _a620.112,MUV
100 1 _aMuvdi, B. B.
_940969
245 1 0 _aEngineering mechanics of materials /
_cB. B. Muvdi, J. W. McNabb.
260 _aNew York :
_bMacmillan,
_cc1980.
300 _axv, 772 p. :
_bill. ;
_c24 cm.
505 _aInternal Forces In Members (Page-1), Stress, Strain And Their Relationships (Page-53), Stresses And Strains In Axially Loaded Members (Page-115), Torsional Stresses, Strains And Rotations (Page-148), Stresses In Beams (Page-210), Deflections Of Beams (Page-266), Combined Stresses And Theories Of Failure (Page-339), Column Theory And Analysis (Page-383), Statically Indeterminate Members (Page-436), Introduction To Component Design (Page-487), Introduction To System Design (Page-536), Analysis And Design For Inelastic Behavior (Page-573), Analysis And Design For Impact And Fatigue Loadings (Page-610), Selected Topics (Page-649).
650 0 _aMechanics, Applied.
650 0 _aStrength of materials.
700 1 _aMcNabb, J. W.,
_9101067
942 _2ddc
_cBK
999 _c182805
_d182805